000 010800000a22002290004500
020 _a84-309-2817-0
041 0 _aSPA
082 0 4 _aG 190 L9919m
100 1 _aLyotard, Jean François
245 1 0 _aMoralidades posmodernas / Jean François Lyotard ; Agustín Izquierdo, Traductor
250 _a2
260 _aJuan Ignacio Luca de Tena, Madrid, España : Tecnos
300 _a179 Pág.
500 _aTítulo original : Moralités postmodernes
505 0 0 _averborreas-- Marie en Japón -- Zona -- paradoja sobre el grafista-- ¿interesante? -- fantasía del sistema-- muro golfo, sistema -- una fábula posmoderna -- "la tierra no tiene senderos por si misma" -- encubrimientos -- línea general -- un extraño compañero -- directions to servants -- monumentos de posibles -- criptas -- sin saberlo -- íntimo es el terror -- música, mútica -- anima ,mínima
650 1 4 _aETICA MODERNA - SIGLO XX \ POSTMODERNISMO
001 693
942 _cBK
999 _c32167
_d32167
336 _atexto
_btxt
_2rdacontent
337 _2rdamedia
_asin mediación
_bn
338 _2rdacarrier
_avolumen
_bnc